哪些火车站是东北-西南向的?扫雷模式 - Statistics

General Stats
  • This quiz has been taken 29 times
  • The average score is 4 of 10
Answers on the Grid
Answers color-coded by a green-red scale on the quiz's grid according to % correct below.
海口
重庆西
株洲
厦门
福州
义乌
上海南
上海
芜湖
青岛北
襄阳东
郑州
保定东
北京南
哈尔滨
绩溪北
上饶(任一站台方向满足即对)
小榄
郑州航空港
青龙桥
 
Answer Stats
Answer % Correct
义乌
67%
北京南
60%
厦门
53%
上海南
53%
襄阳东
40%
哈尔滨
40%
绩溪北
40%
保定东
20%
小榄
13%
青龙桥
7%
No matching quizzes found
Score Distribution
Percent of People with Each Score
Percentile by Number Answered
Your Score History
You have not taken this quiz